| 000 | 01461nam a2200229Ia 4500 | ||
|---|---|---|---|
| 003 | Ost | ||
| 005 | 20260507075750.0 | ||
| 008 | 260507s9999||||xx |||||||||||||| ||und|| | ||
| 020 | _a9789931141655 | ||
| 040 | _cfsecg | ||
| 041 | _aara | ||
| 082 | _a657 | ||
| 100 |
_aصلاح، حواس _eمؤلف |
||
| 245 | 0 |
_aالمحاسبة المالية حسب النظام المحاسبي المالي SCF / _c حواس صلاح |
|
| 250 | _aطبعة 9 | ||
| 260 |
_aالجزائر: _bدار أجيال الرقمي , _c2024 |
||
| 300 |
_a223 صفحة؛ _bإيضاحات ؛ _c24 سم |
||
| 520 | _aيضم الكتاب أسس ومبادئ المحاسبة المالية، المبادئ والفرضيات والخصائص المحاسيبة ، الأسس والخصائص المحاسبية،مشروع تمهيدي للنظام المالي المحاسبي الجديد(SCF) التدفقات والميزانية المحاسبية، الدفاتر المحاسبية والدورة المحاسبية، دفتر اليومية، ميزان المراجعة، دراسة الحسابات المدونة ويضم التثبيتات والتخفيضات، الفوترة وحسابات الغير، الغلافات، الاهتلاكات وخسارة القيمة وفي الأخير نماذج للامتحانات السداسي الثاني . | ||
| 653 | _aالمالية العامة- محاسبة | ||
| 653 | _aالمحاسبة | ||
| 942 | _cكتاب | ||
| 999 |
_c46221 _d46221 |
||